<?xml version="1.0" encoding="UTF-8"?><?xml-stylesheet type="text/xsl" href="static/style.xsl"?><OAI-PMH xmlns="http://www.openarchives.org/OAI/2.0/" xmlns:xsi="http://www.w3.org/2001/XMLSchema-instance" xsi:schemaLocation="http://www.openarchives.org/OAI/2.0/ http://www.openarchives.org/OAI/2.0/OAI-PMH.xsd"><responseDate>2026-04-18T07:27:33Z</responseDate><request verb="GetRecord" identifier="oai:www.recercat.cat:2445/223442" metadataPrefix="marc">https://recercat.cat/oai/request</request><GetRecord><record><header><identifier>oai:recercat.cat:2445/223442</identifier><datestamp>2025-12-05T00:51:48Z</datestamp><setSpec>com_2072_1057</setSpec><setSpec>col_2072_478917</setSpec><setSpec>col_2072_478921</setSpec></header><metadata><record xmlns="http://www.loc.gov/MARC21/slim" xmlns:dcterms="http://purl.org/dc/terms/" xmlns:xsi="http://www.w3.org/2001/XMLSchema-instance" xmlns:doc="http://www.lyncode.com/xoai" xsi:schemaLocation="http://www.loc.gov/MARC21/slim http://www.loc.gov/standards/marcxml/schema/MARC21slim.xsd">
   <leader>00925njm 22002777a 4500</leader>
   <datafield ind2=" " ind1=" " tag="042">
      <subfield code="a">dc</subfield>
   </datafield>
   <datafield ind2=" " ind1=" " tag="720">
      <subfield code="a">Pérez Gómez, Mercedes</subfield>
      <subfield code="e">author</subfield>
   </datafield>
   <datafield ind2=" " ind1=" " tag="720">
      <subfield code="a">Junqué i Plaja, Carme, 1955-</subfield>
      <subfield code="e">author</subfield>
   </datafield>
   <datafield ind2=" " ind1=" " tag="720">
      <subfield code="a">Mercader Sobrequés, José Ma.</subfield>
      <subfield code="e">author</subfield>
   </datafield>
   <datafield ind2=" " ind1=" " tag="720">
      <subfield code="a">Berenguer González, juan</subfield>
      <subfield code="e">author</subfield>
   </datafield>
   <datafield ind2=" " ind1=" " tag="260">
      <subfield code="c">2025-09-30T13:25:18Z</subfield>
   </datafield>
   <datafield ind2=" " ind1=" " tag="260">
      <subfield code="c">2025-09-30T13:25:18Z</subfield>
   </datafield>
   <datafield ind2=" " ind1=" " tag="260">
      <subfield code="c">2000-01</subfield>
   </datafield>
   <datafield ind2=" " ind1=" " tag="260">
      <subfield code="c">2025-09-30T13:25:18Z</subfield>
   </datafield>
   <datafield ind2=" " ind1=" " tag="520">
      <subfield code="a">[spa] Introducción y objetivo. La espectroscopía por resonancia magnética (ERM) es una técnica no invasiva de estudio neuroquímico del cerebro in vivo. El objetivo del presente trabajo es revisar las principales investigaciones que han empleado la técnica de la ERM para el estudio de enfermedades cerebrales.&#xd;
&#xd;
Desarrollo El uso de la ERM en el estudio del cerebro se inició en 1983 aunque su desarrollo máximo se ha producido en la década de los 90. Las entidades más investigadas han sido la enfermedad de Alzheimer, la esclerosis múltiple, la esquizofrenia y la depresión. Aunque es posible obtener espectros de diversos núcleos, los más utilizados son el fósforo (P31) y el hidrógeno (H1). Actualmente la técnica más utilizada es la ERM de protones. Los niveles bajos de N­acetil-aspartato parecen ser un buen indicador de pérdida neuronal. Su estudio es complementario a los estudios estructurales volumétricos mediante imágenes de resonancia magnética. El pico de mioinositol parece ser un marcador neuroquímico de la enfermedad de Alzheimer.&#xd;
&#xd;
Conclusiones La ERM ha contribuido al incremento del conocimiento fisiopatológico del envejecimiento cerebral, los procesos neurodegenerativos, las enfermedades desmielinizantes y las enfermedades psiquiátricas. Potencialmente, puede contribuir al diagnóstico diferencial en la enfermedad de Alzheimer y en la enfermedad de Parkinson. En la actualidad, abre también un potencial de investigación de los efectos del tratamiento farmacológico en regiones cerebrales concretas.</subfield>
   </datafield>
   <datafield ind2=" " ind1=" " tag="520">
      <subfield code="a">[eng] Introduction and objective. Magnetic resonance spectroscopy (MRS) is a non­invasive technique used for the neurochemical study of the brain in vivo. The aim of this work is to review the main investigations that have focused on the study of cerebral pathology. Development. Cerebral MRS studies started in 1983 but the maximum development has been in the 90’s. The pathologies more investigated were Alzheimer’s disease, multiple sclerosis, schizophrenia, and depression. Although several nuclei can be observed the most investigated are phosphore (P31) and hydrogen (H1). Nowadays proton MRS is the more frequently used technique. The low levels of N­acetyl­aspartate are a good indicator of neuronal loss. Their determination is complementary to the volumetric structural studies from magnetic resonance imaging. The peak of myo­inositol seems to be a neurochemical marker for the Alzheimer’s disease. Conclusions. MRS have contributed to the increase of knowledge about the physiopathology of normal aging, degenerative processes, demyelinating and psychiatric diseases. Potentially can contribute to differential diagnose in Alzheimer’s and Parkinson’s diseases. Recently it has also been opened a new research potential in the field of the pharmacological treatment effects in discrete cerebral regions.</subfield>
   </datafield>
   <datafield tag="653" ind2=" " ind1=" ">
      <subfield code="a">Imatges per ressonància magnètica</subfield>
   </datafield>
   <datafield tag="653" ind2=" " ind1=" ">
      <subfield code="a">Malalties cerebrals</subfield>
   </datafield>
   <datafield tag="653" ind2=" " ind1=" ">
      <subfield code="a">Magnetic resonance imaging</subfield>
   </datafield>
   <datafield tag="653" ind2=" " ind1=" ">
      <subfield code="a">Brain diseases</subfield>
   </datafield>
   <datafield ind2="0" ind1="0" tag="245">
      <subfield code="a">Aplicaciones de la espectroscopia por resonancia magnética en el estudio dela patología cerebral.</subfield>
   </datafield>
   <datafield ind2="0" ind1="0" tag="245">
      <subfield code="a">Applications of magnetic resonance spectroscopy in the study of brain disease</subfield>
   </datafield>
</record></metadata></record></GetRecord></OAI-PMH>